000 01481nam a2200361 i 4500
001 000022357
003 DO-SdBNP
005 20260520093626.0
007 ta
008 090729s1978 dr 000 0 spa d
020 _a8440013027
040 _aDO-SdBNP
_bspa
_cBNPHU
_erda
082 4 _a724.1
_bS238p 1978
_222
245 0 0 _aPalacio de la Real Audiencia y Chancillería de Indias y Palacio de los Gobernadores y Capitanes Generales :
_bguía de visita /
_ctexto y coordinación, Consuelo Sanz-Pastor, Pedro J. Santiago, Cayo F. Castellanos V., Eugenio Pérez Montás, Manuel Valverde Podestá
250 _asegunda edición
264 4 _aSanto Domingo :
_bMuseo de las Casas Reales,
_c©1978.
300 _a78 páginas :
_bilustraciones ;
_c23 cm.
336 _atexto
_btxt
_2rdacontent
337 _asin mediación
_bn
_2rdamedia
338 _avolumen
_bnc
_2rdacarrier
590 _aInventariado, 2018/LP
610 2 4 _aMuseo de las Casas Reales
_xDescripciones
_946118
650 4 _aColecciones museográficas
_946119
650 4 _aMonumentos históricos
_zRepública Dominicana
_926163
651 4 _aSanto Domingo (República Dominicana{Rpara}
_xMuseos
_946120
700 1 _aSanz-Pastor, Consuelo,
_eautor
_4aut.
_946121
700 1 _aSantiago, Pedro J.,
_945327
700 1 _aCastellanos V., Cayo F.
_989673
700 1 _aPérez Montás, Eugenio
_913156
700 1 _aValverde Podestá, Manuel
_989674
910 _aValidado. Control de calidad MFF
942 _2ddc
_cLBS1
999 _c21855
_d21855